Forensic science : An introduction to criminalistics
| Other Authors: | , |
|---|---|
| Format: | Book |
| Published: |
New York :
McGraw-Hill ,
1983
|
| Subjects: |
MARC
| LEADER | 00000cam a2200000 7i4500 | ||
|---|---|---|---|
| 001 | 0000004159 | ||
| 005 | 20181227.0 | ||
| 020 | 0 | 0 | |a 0070162670 |
| 090 | 0 | 0 | |a 363.2 |b FOR 1993 |
| 245 | 1 | 0 | |a Forensic science : |b An introduction to criminalistics |c Peter R. De Forest...[et.al] |
| 260 | 0 | 0 | |a New York : |b McGraw-Hill , |c 1983 |
| 300 | |a xi, 451p. : |b il. ; |c 25cm. | ||
| 500 | 0 | 0 | |a Includes index |
| 650 | 0 | 0 | |a Criminal investigation |
| 700 | 0 | 1 | |a Gaensslen, R.E |
| 700 | 0 | 1 | |a Lee, Henry.C |
| 998 | |a JPSM | ||
| 999 | |a 008034 |b Monograph |c Open Shelf |e Default branch | ||